Corporate finance : An introduction to principles and practices
Tallennettuna:
| Päätekijä: | |
|---|---|
| Aineistotyyppi: | Kirja |
| Kieli: | Undetermined |
| Julkaistu: |
New York
Barnes and Noble Books
1969
|
| Aiheet: | |
| Tagit: |
Lisää tagi
Ei tageja, Lisää ensimmäinen tagi!
|
| Thư viện lưu trữ: | Trung tâm Học liệu Trường Đại học Cần Thơ |
|---|
| LEADER | 00553nam a2200205Ia 4500 | ||
|---|---|---|---|
| 001 | CTU_86172 | ||
| 008 | 210402s9999 xx 000 0 und d | ||
| 082 | |a 658.1 | ||
| 082 | |b K89 | ||
| 100 | |a Kristein, Marvin M. | ||
| 245 | 0 | |a Corporate finance : | |
| 245 | 3 | |b An introduction to principles and practices | |
| 245 | 0 | |c Marvin M. Kristein | |
| 260 | |a New York | ||
| 260 | |b Barnes and Noble Books | ||
| 260 | |c 1969 | ||
| 650 | |a Corporations | ||
| 650 | |x Finance | ||
| 904 | |i Năm | ||
| 980 | |a Trung tâm Học liệu Trường Đại học Cần Thơ | ||